<?xml version="1.0" encoding="UTF-8"?><?xml-stylesheet type="text/xsl" href="static/style.xsl"?><OAI-PMH xmlns="http://www.openarchives.org/OAI/2.0/" xmlns:xsi="http://www.w3.org/2001/XMLSchema-instance" xsi:schemaLocation="http://www.openarchives.org/OAI/2.0/ http://www.openarchives.org/OAI/2.0/OAI-PMH.xsd"><responseDate>2026-04-17T16:21:10Z</responseDate><request verb="GetRecord" identifier="oai:www.recercat.cat:2117/349282" metadataPrefix="marc">https://recercat.cat/oai/request</request><GetRecord><record><header><identifier>oai:recercat.cat:2117/349282</identifier><datestamp>2025-07-23T05:41:31Z</datestamp><setSpec>com_2072_1033</setSpec><setSpec>col_2072_452951</setSpec></header><metadata><record xmlns="http://www.loc.gov/MARC21/slim" xmlns:dcterms="http://purl.org/dc/terms/" xmlns:xsi="http://www.w3.org/2001/XMLSchema-instance" xmlns:doc="http://www.lyncode.com/xoai" xsi:schemaLocation="http://www.loc.gov/MARC21/slim http://www.loc.gov/standards/marcxml/schema/MARC21slim.xsd">
   <leader>00925njm 22002777a 4500</leader>
   <datafield ind2=" " ind1=" " tag="042">
      <subfield code="a">dc</subfield>
   </datafield>
   <datafield ind2=" " ind1=" " tag="720">
      <subfield code="a">Wang, Zeping</subfield>
      <subfield code="e">author</subfield>
   </datafield>
   <datafield ind2=" " ind1=" " tag="260">
      <subfield code="c">2021-05-25</subfield>
   </datafield>
   <datafield ind2=" " ind1=" " tag="520">
      <subfield code="a">Durante este siglo, y sobre todo en los últimos años se le está dando cada vez más importancia a la&#xd;
eficiencia energética, y para entrar en este campo se podría acceder desde diferentes perspectivas,&#xd;
tanto la generación, distribución hasta el almacenaje de la energía. En este trabajo se pretende hacer&#xd;
el abordaje desde el punto de vista de la generación de la energía, ya que podemos definir como el&#xd;
entrar en este campo desde su origen.&#xd;
En el trabajo se realizará tanto la simulación del proceso de producción como el control que se le aplica,&#xd;
hasta finalmente un sistema de supervisión y adquisición de datos para el proceso. El proceso que se&#xd;
ha escogido ha sido una central eléctrica de ciclo Brayton que principalmente es un ciclo&#xd;
termodinámico que trabaja con un fluido termodinámico compresible (gas), en el que se le aplicará&#xd;
una etapa de compresión adiabática, una etapa de calentamiento isobárico y una expansión&#xd;
adiabática, que también y para estas etapas, intervienen elementos como un compresor, una cámara&#xd;
de combustión, una turbina y también se le añadirá un generador con la intención de aumentar el&#xd;
rendimiento del sistema.&#xd;
Para poder proceder a la automatización del proceso, se utilizará primero un programa para simular el&#xd;
proceso (Matlab Simulink), luego para el control se utilizará un PLC (Programmable Logic Controller)&#xd;
de la marca Allen-Bradley, el modelo de RSLogix y para el sistema de supervisión se utilizará un SCADA&#xd;
(Supervision, Control, and Data Acquisition) del fabricante Schneider Electric el programa InTouch&#xd;
Wonderware.</subfield>
   </datafield>
   <datafield ind2=" " ind1=" " tag="520">
      <subfield code="a">Objectius de Desenvolupament Sostenible::7 - Energia Assequible i No Contaminant</subfield>
   </datafield>
   <datafield tag="653" ind2=" " ind1=" ">
      <subfield code="a">Àrees temàtiques de la UPC::Enginyeria elèctrica</subfield>
   </datafield>
   <datafield tag="653" ind2=" " ind1=" ">
      <subfield code="a">Force and energy</subfield>
   </datafield>
   <datafield tag="653" ind2=" " ind1=" ">
      <subfield code="a">Simulink</subfield>
   </datafield>
   <datafield tag="653" ind2=" " ind1=" ">
      <subfield code="a">RSLoigx</subfield>
   </datafield>
   <datafield tag="653" ind2=" " ind1=" ">
      <subfield code="a">InTouch</subfield>
   </datafield>
   <datafield tag="653" ind2=" " ind1=" ">
      <subfield code="a">Energia</subfield>
   </datafield>
   <datafield tag="653" ind2=" " ind1=" ">
      <subfield code="a">Energia -- Abastament</subfield>
   </datafield>
   <datafield tag="653" ind2=" " ind1=" ">
      <subfield code="a">Energia -- Control</subfield>
   </datafield>
   <datafield ind2="0" ind1="0" tag="245">
      <subfield code="a">Simulación, control y supervisión de un proceso energético</subfield>
   </datafield>
</record></metadata></record></GetRecord></OAI-PMH>